[Event "Titled Tuesday intern op 25th Feb Early"]
[Site "Chess.com INT"]
[Date "2025.02.25"]
[Round "5"]
[White "Abdi, Farzad"]
[Black "Parfenov, Viktor N"]
[Result "0-1"]
[WhiteElo "2068"]
[BlackElo "2193"]
[PlyCount "92"]
[EventDate "2025.02.25"]
[EventType "swiss (blitz)"]
[EventRounds "11"]
[EventCountry "USA"]
[SourceTitle "CB10_2025"]
[SourceDate "2025.03.05"]
[SourceVersion "1"]
[SourceVersionDate "2025.03.05"]
[SourceQuality "1"]

1. d4 Nf6 2. c4 g6 3. Nc3 Bg7 4. e4 d6 5. Nf3 0-0 6. Be2 e5 7. Be3 Ng4 8. Bg5 f6 9. Bh4 g5 10. Bg3 Nh6 11. h4 g4 12. Nh2 f5 13. exf5 exd4 14. Nd5 Bxf5 15. Nxg4 Nxg4 16. Bxg4 c6 17. Bxf5 Rxf5 18. Qg4 Rf7 19. Nf4 Qd7 20. Qxd7 Nxd7 21. 0-0 Be5 22. Nd3 Bxg3 23. fxg3 Ne5 24. Rxf7 Kxf7 25. Rf1+ Kg7 26. Nf4 Re8 27. b3 a6 28. Kh2 Ng4+ 29. Kh3 Nf6 30. g4 h6 31. g5 hxg5 32. hxg5 Re3+ 33. g3 Ne4 34. Nh5+ Kg6 35. Kh4 Re2 36. Rf4 Rh2+ 37. Kg4 Nf2+ 38. Rxf2 Rxf2 39. Nf4+ Kf7 40. g6+ Kg7 41. Kg5 Rxf4 42. Kxf4 Kxg6 43. b4 c5 44. Ke4 Kg5 45. a4 a5 46. b5 b6 0-1

[Event "Titled Tuesday intern op 25th Feb Early"]
[Site "Chess.com INT"]
[Date "2025.02.25"]
[Round "1"]
[White "Stalmach, Richard"]
[Black "Abdi, Farzad"]
[Result "1-0"]
[WhiteElo "2449"]
[BlackElo "2068"]
[PlyCount "115"]
[EventDate "2025.02.25"]
[EventType "swiss (blitz)"]
[EventRounds "11"]
[EventCountry "USA"]
[SourceTitle "CB10_2025"]
[SourceDate "2025.03.05"]
[SourceVersion "1"]
[SourceVersionDate "2025.03.05"]
[SourceQuality "1"]

1. d4 d5 2. c4 e6 3. Nc3 Be7 4. Nf3 Nf6 5. cxd5 exd5 6. h3 0-0 7. Bf4 c5 8. e3 Nc6 9. Bb5 Qe8 10. 0-0 a6 11. Be2 c4 12. Ne5 Bf5 13. g4 Bg6 14. g5 Ne4 15. Nxg6 fxg6 16. Nxd5 Qd7 17. Bxc4 Kh8 18. Nxe7 Qxe7 19. Qg4 Nd2 20. Rfc1 Qe4 21. Be2 Nxd4 22. exd4 Rxf4 23. Rc8+ Rf8 24. Rxa8 Qxg4+ 25. Bxg4 Rxa8 26. Rd1 Ne4 27. Re1 Nxg5 28. Re7 h5 29. h4 Nh7 30. Be6 Nf6 31. Rxb7 Rd8 32. Rb4 Rd6 33. Bf7 Nd5 34. Bxd5 Rxd5 35. Ra4 g5 36. hxg5 Rxg5+ 37. Kh2 a5 38. Rc4 Kg8 39. Rc5 Rxc5 40. dxc5 Kf7 41. b3 Ke6 42. a3 Kd5 43. b4 g5 44. Kg3 Kc6 45. Kh3 Kb5 46. Kg3 Kc6 47. f4 g4 48. f5 axb4 49. axb4 Kd5 50. f6 Ke6 51. b5 Kxf6 52. b6 Kg5 53. b7 h4+ 54. Kg2 Kf4 55. b8Q+ Kg5 56. Qe5+ Kg6 57. c6 h3+ 58. Kg3 1-0

[Event "Titled Tuesday intern op 04th Feb Early"]
[Site "Chess.com INT"]
[Date "2025.02.04"]
[Round "4"]
[White "Abdi, Farzad"]
[Black "Alonso, Raphael VP Patricio"]
[Result "1-0"]
[WhiteElo "2068"]
[BlackElo "2130"]
[PlyCount "75"]
[EventDate "2025.02.04"]
[EventType "swiss (blitz)"]
[EventRounds "11"]
[EventCountry "USA"]
[SourceTitle "CB07_2025"]
[SourceDate "2025.02.12"]
[SourceVersion "1"]
[SourceVersionDate "2025.02.12"]
[SourceQuality "1"]

1. d4 g6 2. e4 Bg7 3. Nf3 d6 4. Nc3 Nf6 5. g3 0-0 6. Bg2 e5 7. 0-0 Nc6 8. Be3 Ng4 9. Bg5 f6 10. Bc1 f5 11. exf5 exd4 12. Nb5 d3 13. fxg6 hxg6 14. Qxd3 Bf5 15. Qb3+ Kh8 16. Bg5 Qd7 17. Rad1 Nge5 18. c4 Nxf3+ 19. Bxf3 Na5 20. Qb4 Nc6 21. Qd2 Ne5 22. Bg2 Bh3 23. Bh6 Nf3+ 24. Bxf3 Bxf1 25. Bxg7+ Qxg7 26. Bxb7 Rab8 27. Rxf1 Rxb7 28. b3 Rbb8 29. Nd4 Rf7 30. Ne6 Qg8 31. h4 Re8 32. Ng5 Rfe7 33. Qd4+ Qg7 34. Qxa7 Re2 35. a4 Rf8 36. a5 Qf6 37. Qxc7 Rxf2 38. Qh7# 1-0

[Event "Titled Tuesday intern op 04th Feb Early"]
[Site "Chess.com INT"]
[Date "2025.02.04"]
[Round "10"]
[White "Abdi, Farzad"]
[Black "Kjaergaard Jensen, Jesper"]
[Result "1-0"]
[WhiteElo "2068"]
[BlackElo "2081"]
[PlyCount "77"]
[EventDate "2025.02.04"]
[EventType "swiss (blitz)"]
[EventRounds "11"]
[EventCountry "USA"]
[SourceTitle "CB07_2025"]
[SourceDate "2025.02.12"]
[SourceVersion "1"]
[SourceVersionDate "2025.02.12"]
[SourceQuality "1"]

1. d4 Nf6 2. c4 d6 3. Nc3 e5 4. Nf3 Nbd7 5. g3 Be7 6. Bg2 c6 7. 0-0 Qc7 8. b3 Nf8 9. Bb2 Ng6 10. Qc2 h5 11. h4 Ng4 12. Ne4 f5 13. Neg5 e4 14. Nh2 Bxg5 15. hxg5 Qe7 16. f4 Ne3 17. Qc3 Nxf1 18. Nxf1 d5 19. cxd5 cxd5 20. Ne3 Be6 21. Qa5 b6 22. Qb5+ Qd7 23. Qb4 h4 24. g4 Nxf4 25. gxf5 Bxf5 26. Rf1 Nxg2 27. Nxf5 h3 28. Nd6+ Kd8 29. Rf7 Qe6 30. Nb7+ Ke8 31. Nd6+ Kd8 32. Ba3 h2+ 33. Kh1 Rb8 34. Rxg7 a5 35. Nf7+ Ke8 36. Qb5+ Qd7 37. Nd6+ Kf8 38. Nf5+ Ke8 39. Qxd7# 1-0

[Event "Titled Tuesday intern op 04th Feb Early"]
[Site "Chess.com INT"]
[Date "2025.02.04"]
[Round "8"]
[White "Abdi, Farzad"]
[Black "Von Naso, Lancelot"]
[Result "0-1"]
[WhiteElo "2068"]
[BlackElo "2207"]
[PlyCount "46"]
[EventDate "2025.02.04"]
[EventType "swiss (blitz)"]
[EventRounds "11"]
[EventCountry "USA"]
[SourceTitle "CB07_2025"]
[SourceDate "2025.02.12"]
[SourceVersion "1"]
[SourceVersionDate "2025.02.12"]
[SourceQuality "1"]

1. d4 f5 2. c4 Nf6 3. Nc3 g6 4. Nf3 Bg7 5. Bg5 0-0 6. e3 d6 7. Bd3 Nc6 8. Qd2 e5 9. d5 Ne7 10. Be2 h6 11. Bxf6 Bxf6 12. e4 Bg7 13. h4 a6 14. h5 g5 15. Bd3 Rb8 16. exf5 Bxf5 17. Ne4 b5 18. b3 c6 19. dxc6 bxc4 20. Bxc4+ d5 21. c7 Qxc7 22. Bxd5+ Kh8 23. Qc3 Nxd5 0-1

[Event "Titled Tuesday intern op 04th Feb Early"]
[Site "Chess.com INT"]
[Date "2025.02.04"]
[Round "6"]
[White "Deveci, Huseyin Said"]
[Black "Abdi, Farzad"]
[Result "1-0"]
[WhiteElo "2225"]
[BlackElo "2068"]
[PlyCount "99"]
[EventDate "2025.02.04"]
[EventType "swiss (blitz)"]
[EventRounds "11"]
[EventCountry "USA"]
[SourceTitle "CB07_2025"]
[SourceDate "2025.02.12"]
[SourceVersion "1"]
[SourceVersionDate "2025.02.12"]
[SourceQuality "1"]

1. c4 Nf6 2. g3 e5 3. Bg2 Nc6 4. Nc3 Bb4 5. a3 Bxc3 6. dxc3 0-0 7. Nf3 Re8 8. 0-0 e4 9. Nd4 Ne5 10. c5 d5 11. cxd6 Qxd6 12. Qc2 c5 13. Nb5 Qb6 14. a4 a6 15. Na3 Bf5 16. Bf4 Ng6 17. Nc4 Qc6 18. Bg5 Nd5 19. Rad1 b5 20. Na5 Qe6 21. Qd2 Nb6 22. Qd6 Nxa4 23. Bc1 Ne5 24. Nb7 Ra7 25. Qxe6 fxe6 26. Nd6 Rf8 27. Nxf5 exf5 28. Rd5 Nc4 29. b3 Nxc3 30. bxc4 Nxd5 31. cxd5 Rd7 32. f3 Rxd5 33. Be3 exf3 34. Bxf3 Re5 35. Bf4 Ree8 36. Bd6 Rf6 37. Bxc5 a5 38. Rb1 b4 39. Ra1 Ra6 40. Ra4 Rc6 41. Bxc6 Rxe2 42. Rxa5 g6 43. Bd5+ Kg7 44. Bxb4 Kh6 45. Ra2 Re5 46. Bf8+ Kh5 47. Bf3+ Kg5 48. Bg7 Re1+ 49. Kf2 Rb1 50. h4# 1-0

[Event "Titled Tuesday intern op 10th Sep Late"]
[Site "Chess,com INT"]
[Date "2024.09.10"]
[Round "11"]
[White "Abdi, Farzad"]
[Black "Bueno, Alfeu Varela Jr"]
[Result "0-1"]
[WhiteElo "2068"]
[BlackElo "2209"]
[PlyCount "58"]
[EventDate "2024.09.10"]
[EventType "swiss (blitz)"]
[EventRounds "11"]
[EventCountry "USA"]
[SourceTitle "EXT 2025"]
[Source "ChessBase"]
[SourceDate "2024.10.14"]
[SourceVersion "1"]
[SourceVersionDate "2024.10.14"]
[SourceQuality "1"]

1. d4 e6 2. c4 f5 3. Nc3 b6 4. e4 Bb7 5. d5 Bb4 6. Qd4 Qf6 7. e5 Qg6 8. Nf3 Ne7 9. d6 Nbc6 10. Qd3 cxd6 11. exd6 Nc8 12. Bf4 0-0 13. 0-0-0 a6 14. Be2 Qxg2 15. Rhg1 Qxf2 16. Be3 Ne5 17. Nxe5 Qxh2 18. Nxd7 Nxd6 19. Nxf8 Rxf8 20. Bf4 Qxf4+ 21. Kb1 Ne4 22. Ka1 Nxc3 23. bxc3 Be4 24. Qd4 e5 25. Rxg7+ Kxg7 26. Qd7+ Rf7 27. Rg1+ Kh8 28. Qe8+ Rf8 29. Qxf8+ Bxf8 0-1

[Event "Titled Tuesday intern op 10th Sep Late"]
[Site "Chess,com INT"]
[Date "2024.09.10"]
[Round "10"]
[White "Abdi, Farzad"]
[Black "Harriott, Tyrell"]
[Result "1-0"]
[WhiteElo "2068"]
[BlackElo "1924"]
[PlyCount "113"]
[EventDate "2024.09.10"]
[EventType "swiss (blitz)"]
[EventRounds "11"]
[EventCountry "USA"]
[SourceTitle "EXT 2025"]
[Source "ChessBase"]
[SourceDate "2024.10.14"]
[SourceVersion "1"]
[SourceVersionDate "2024.10.14"]
[SourceQuality "1"]

1. d4 e6 2. c4 d5 3. Nc3 f5 4. Bf4 Ne7 5. e3 Ng6 6. Bd3 Be7 7. Nf3 0-0 8. Qc2 c6 9. Ne5 Nxf4 10. exf4 Nd7 11. 0-0 Nxe5 12. dxe5 d4 13. Ne2 c5 14. a3 b6 15. Rab1 Bd7 16. b4 Bc6 17. Rb3 Ba4 18. Rfb1 Qe8 19. Ng3 Qg6 20. Qe2 Bxb3 21. Rxb3 Qh6 22. Qf3 Rab8 23. Rb1 Rfc8 24. h3 Kh8 25. Kh2 Bh4 26. Ne2 Be7 27. g3 g5 28. fxg5 Bxg5 29. Kg2 Rc7 30. bxc5 Rxc5 31. Nxd4 Rbc8 32. Re1 Qg7 33. Nxe6 Qe7 34. Nxc5 Rxc5 35. Qxf5 Bd2 36. Re2 Bc3 37. f4 Rc6 38. Qe4 Rg6 39. f5 Rh6 40. f6 Qe6 41. Qa8+ Qg8 42. Qxg8+ Kxg8 43. g4 Kf7 44. Kg3 Ke6 45. g5 Rg6 46. Bxg6 hxg6 47. Kf4 Bd4 48. Re4 Bc5 49. h4 Bxa3 50. Re2 Bc5 51. Kg4 Bd4 52. h5 gxh5+ 53. Kxh5 Bc5 54. g6 a5 55. g7 Kf7 56. e6+ Kg8 57. Kg6 1-0

[Event "Titled Tuesday intern op 10th Sep Late"]
[Site "Chess,com INT"]
[Date "2024.09.10"]
[Round "3"]
[White "Cuellar Montes, Alejandro"]
[Black "Abdi, Farzad"]
[Result "1-0"]
[WhiteElo "2190"]
[BlackElo "2068"]
[PlyCount "59"]
[EventDate "2024.09.10"]
[EventType "swiss (blitz)"]
[EventRounds "11"]
[EventCountry "USA"]
[SourceTitle "EXT 2025"]
[Source "ChessBase"]
[SourceDate "2024.10.14"]
[SourceVersion "1"]
[SourceVersionDate "2024.10.14"]
[SourceQuality "1"]

1. e4 c5 2. Nf3 d6 3. d4 cxd4 4. Nxd4 Nf6 5. Nc3 g6 6. Be3 Bg7 7. Be2 0-0 8. Qd2 Nc6 9. 0-0-0 Bd7 10. f3 Qa5 11. g4 Rfc8 12. Kb1 Nxd4 13. Bxd4 Be6 14. a3 Rab8 15. g5 Nh5 16. Bxg7 Kxg7 17. f4 b5 18. f5 Bc4 19. Bxh5 gxh5 20. f6+ Kg8 21. fxe7 b4 22. Nd5 bxa3 23. Nf6+ Kg7 24. Qxa5 Rxb2+ 25. Kc1 Ba2 26. c3 Bb3 27. Qxa3 Rc2+ 28. Kb1 R8xc3 29. e8Q Ba2+ 30. Qxa2 1-0

[Event "Titled Tuesday intern op 13th Aug Late"]
[Site "Chess.com INT"]
[Date "2024.08.13"]
[Round "8"]
[White "Abdi, Farzad"]
[Black "Gyenes, Mate"]
[Result "1-0"]
[WhiteElo "2068"]
[BlackElo "2205"]
[PlyCount "107"]
[EventDate "2024.08.13"]
[EventType "swiss (blitz)"]
[EventRounds "11"]
[EventCountry "USA"]
[SourceTitle "EXT 2025"]
[Source "ChessBase"]
[SourceDate "2024.10.14"]
[SourceVersion "1"]
[SourceVersionDate "2024.10.14"]
[SourceQuality "1"]

1. e4 d5 2. exd5 Nf6 3. d4 Nxd5 4. Nf3 g6 5. c4 Nb6 6. h3 Bg7 7. Nc3 0-0 8. Be3 Nc6 9. Be2 e5 10. d5 Ne7 11. 0-0 h6 12. Rc1 Kh7 13. b4 f5 14. a4 e4 15. Nd4 f4 16. Nxe4 fxe3 17. fxe3 Rxf1+ 18. Bxf1 Nf5 19. Nxf5 Bxf5 20. Ng3 Qg5 21. Nxf5 Qxf5 22. Bd3 Qg5 23. Qf3 Rf8 24. Qe4 Nc8 25. c5 Rf7 26. h4 Qg3 27. h5 Re7 28. Qxg6+ Qxg6 29. Bxg6+ Kg8 30. e4 Be5 31. Rf1 Kg7 32. g4 b6 33. Kg2 Bd4 34. Rc1 Rd7 35. Kf3 Rd8 36. Rc4 Be5 37. Bf5 Ne7 38. a5 bxc5 39. bxc5 Rb8 40. Rc1 Rb3+ 41. Ke2 Ra3 42. Rd1 Nxf5 43. gxf5 Kf7 44. d6 cxd6 45. cxd6 Ke8 46. Rd5 Bf4 47. f6 Re3+ 48. Kf2 Rxe4 49. Kf3 Ra4 50. d7+ Kd8 51. f7 Bd6 52. Rxd6 Ke7 53. d8Q+ Kxf7 54. Rf6+ 1-0

[Event "Titled Tuesday intern op 13th Aug Late"]
[Site "Chess.com INT"]
[Date "2024.08.13"]
[Round "7"]
[White "Ganzhurov, Roman"]
[Black "Abdi, Farzad"]
[Result "1-0"]
[WhiteElo "2065"]
[BlackElo "2068"]
[PlyCount "109"]
[EventDate "2024.08.13"]
[EventType "swiss (blitz)"]
[EventRounds "11"]
[EventCountry "USA"]
[SourceTitle "EXT 2025"]
[Source "ChessBase"]
[SourceDate "2024.10.14"]
[SourceVersion "1"]
[SourceVersionDate "2024.10.14"]
[SourceQuality "1"]

1. d4 d5 2. c4 e6 3. Nc3 Be7 4. Nf3 Nf6 5. Bg5 0-0 6. e3 c5 7. cxd5 Nxd5 8. Bxe7 Qxe7 9. Nxd5 exd5 10. dxc5 Qxc5 11. Bd3 Nc6 12. 0-0 Rd8 13. Rc1 Qb4 14. Qc2 h6 15. a3 Qg4 16. Bb5 Bf5 17. Qd1 Be4 18. Bxc6 bxc6 19. Ne1 Qg6 20. f3 Bf5 21. Qd2 Rab8 22. b4 a5 23. bxa5 Rb3 24. Rc3 Rb1 25. e4 Be6 26. Nc2 Rxf1+ 27. Kxf1 Rb8 28. exd5 Rb1+ 29. Kf2 Bxd5 30. Ne3 Qg5 31. Rc1 Qh4+ 32. Kg1 Rxc1+ 33. Qxc1 Qd4 34. Kf2 c5 35. a6 c4 36. Qd1 Qb2+ 37. Qc2 Qb6 38. Qd2 Be6 39. Qb4 Qxa6 40. Qb8+ Kh7 41. Qb1+ Kg8 42. Qb8+ Kh7 43. Qb4 Qa7 44. Qc3 Qc5 45. g4 Qb6 46. a4 Qb1 47. a5 Qh1 48. Nf1 Bd5 49. a6 g6 50. a7 h5 51. gxh5 gxh5 52. Qc2+ Kh8 53. Qf5 Bc6 54. Qc8+ Kh7 55. Qxc6 1-0

[Event "Titled Tuesday intern op 13th Aug Late"]
[Site "Chess.com INT"]
[Date "2024.08.13"]
[Round "4"]
[White "Troff, Kayden W"]
[Black "Abdi, Farzad"]
[Result "1-0"]
[WhiteElo "2490"]
[BlackElo "2068"]
[PlyCount "89"]
[EventDate "2024.08.13"]
[EventType "swiss (blitz)"]
[EventRounds "11"]
[EventCountry "USA"]
[SourceTitle "EXT 2025"]
[Source "ChessBase"]
[SourceDate "2024.10.14"]
[SourceVersion "1"]
[SourceVersionDate "2024.10.14"]
[SourceQuality "1"]

1. d4 d5 2. Nf3 e6 3. Bf4 Nf6 4. e3 Be7 5. Nbd2 c5 6. c3 Nc6 7. Ne5 Bd7 8. Bd3 Rc8 9. 0-0 a6 10. Bg3 b5 11. f4 b4 12. Rc1 a5 13. f5 exf5 14. Nxd7 Nxd7 15. Bxf5 0-0 16. Qf3 g6 17. Bh3 bxc3 18. bxc3 cxd4 19. exd4 Bg5 20. Rcd1 Bxd2 21. Rxd2 Ne7 22. Bd6 Rc6 23. Ba3 Nb6 24. Re2 Rc7 25. Qf6 Nbc8 26. Bxc8 Nxc8 27. Bxf8 Qxf8 28. Qe5 Re7 29. Qxe7 Nxe7 30. Rfe1 Qc8 31. Rxe7 Qxc3 32. Kh1 Qxd4 33. Rf1 Qb2 34. Rexf7 Qxa2 35. Ra7 Qe2 36. Rb1 Qe8 37. Rxa5 d4 38. Ra2 Kg7 39. Rd2 Qe3 40. Rbd1 h5 41. Rxd4 Kh6 42. Rd6 Qe2 43. h3 Qc2 44. Rf1 Qe2 45. Rc1 1-0

[Event "Titled Tuesday intern op 02nd Apr Early"]
[Site "Chess.com INT"]
[Date "2024.04.02"]
[Round "7"]
[White "Abdi, Farzad"]
[Black "Villabrille, Roberto"]
[Result "1-0"]
[WhiteElo "2068"]
[BlackElo "2140"]
[PlyCount "29"]
[EventDate "2024.04.02"]
[EventType "swiss (blitz)"]
[EventRounds "11"]
[EventCountry "USA"]
[SourceTitle "CBM 219 Extra"]
[Source "ChessBase"]
[SourceDate "2024.05.31"]
[SourceVersion "1"]
[SourceVersionDate "2024.05.31"]
[SourceQuality "1"]

1. e4 d5 2. exd5 Qxd5 3. Nc3 Qd6 4. d4 Nf6 5. Bc4 Nc6 6. d5 Ne5 7. Bb3 Ng6 8. Nf3 Bg4 9. h3 Bxf3 10. Qxf3 0-0-0 11. Be3 a6 12. 0-0-0 Ne5 13. Qg3 Ng6 14. f4 Nh5 15. Qg4+ 1-0

[Event "Titled Tuesday intern op 13th Feb Early"]
[Site "Chess.com INT"]
[Date "2024.02.13"]
[Round "1"]
[White "Bartel, Michal"]
[Black "Abdi, Farzad"]
[Result "1-0"]
[WhiteElo "2246"]
[BlackElo "2068"]
[PlyCount "81"]
[EventDate "2024.02.13"]
[EventType "swiss (blitz)"]
[EventRounds "11"]
[EventCountry "USA"]
[SourceTitle "CBM 218 Extra"]
[Source "ChessBase"]
[SourceDate "2024.03.31"]
[SourceVersion "1"]
[SourceVersionDate "2024.03.31"]
[SourceQuality "1"]

1. e4 e5 2. Nc3 Nc6 3. g3 Nf6 4. Bg2 Bc5 5. Nge2 0-0 6. 0-0 d6 7. Na4 Bb6 8. Nxb6 axb6 9. h3 Be6 10. d4 exd4 11. Nxd4 Nxd4 12. Qxd4 Nd7 13. f4 f6 14. Bd2 Qe8 15. a3 Qf7 16. Rae1 Rfe8 17. Bc3 Nc5 18. g4 Na4 19. e5 Nxc3 20. Qxc3 Bd5 21. Bxd5 Qxd5 22. exf6 Qc5+ 23. Qxc5 bxc5 24. fxg7 Kxg7 25. Kf2 Kf7 26. Rxe8 Kxe8 27. Re1+ Kf7 28. Kf3 Ra4 29. Re4 c4 30. c3 d5 31. Re5 c6 32. Ke3 Ra5 33. Kd2 Ra8 34. f5 Rg8 35. Ke3 Kf6 36. Kf4 h6 37. h4 Kf7 38. g5 Rh8 39. g6+ Kf6 40. Re6+ Kg7 41. Re7+ 1-0

[Event "Titled Tuesday intern op 09th Jan Late"]
[Site "Chess.com INT"]
[Date "2024.01.09"]
[Round "7"]
[White "Nilsen, Tobias Lang"]
[Black "Abdi, Farzad"]
[Result "1-0"]
[WhiteElo "2207"]
[BlackElo "2068"]
[PlyCount "53"]
[EventDate "2024.01.09"]
[EventType "swiss (blitz)"]
[EventRounds "11"]
[EventCountry "USA"]
[SourceTitle "EXT 2025"]
[Source "ChessBase"]
[SourceDate "2024.10.14"]
[SourceVersion "1"]
[SourceVersionDate "2024.10.14"]
[SourceQuality "1"]

1. e4 e5 2. Nf3 Nc6 3. Bc4 Bc5 4. c3 Nf6 5. d3 d6 6. 0-0 Be6 7. Bxe6 fxe6 8. b4 Bb6 9. Qb3 Qd7 10. a4 a5 11. b5 Nd8 12. Na3 Nf7 13. Nc4 Bc5 14. d4 exd4 15. cxd4 Bb4 16. e5 Nd5 17. Ne3 Nxe3 18. Bxe3 d5 19. Rac1 0-0 20. Rc2 Rfc8 21. Rfc1 c6 22. bxc6 Rxc6 23. Rxc6 bxc6 24. Bd2 Be7 25. Qb6 c5 26. dxc5 Qxa4 27. Qxe6 1-0

[Event "Titled Tuesday intern op 09th Jan Late"]
[Site "Chess.com INT"]
[Date "2024.01.09"]
[Round "4"]
[White "Tao, Sihan"]
[Black "Abdi, Farzad"]
[Result "0-1"]
[WhiteElo "2041"]
[BlackElo "2068"]
[PlyCount "144"]
[EventDate "2024.01.09"]
[EventType "swiss (blitz)"]
[EventRounds "11"]
[EventCountry "USA"]
[SourceTitle "EXT 2025"]
[Source "ChessBase"]
[SourceDate "2024.10.14"]
[SourceVersion "1"]
[SourceVersionDate "2024.10.14"]
[SourceQuality "1"]

1. d4 d5 2. c4 e6 3. Nf3 Nf6 4. Nc3 Be7 5. Bf4 0-0 6. e3 c5 7. dxc5 dxc4 8. Bxc4 Qa5 9. 0-0 Qxc5 10. Qd4 Nc6 11. Qxc5 Bxc5 12. Nb5 a6 13. Nd6 b5 14. Be2 Rd8 15. Rfd1 Nd5 16. Nxc8 Nxf4 17. Rxd8+ Nxd8 18. exf4 Rxc8 19. Rd1 Nc6 20. Kf1 Nb4 21. a3 Nd5 22. g3 Bb6 23. Ne1 Kf8 24. Bf3 Rc5 25. Bxd5 Rxd5 26. Rxd5 exd5 27. Ke2 Ke7 28. Nd3 Kd6 29. f3 a5 30. f5 a4 31. g4 Bd4 32. h3 Bf6 33. Kd2 d4 34. Kc2 Kd5 35. b3 Be7 36. bxa4 bxa4 37. Kb2 Bd6 38. Ka2 Kc4 39. Nb2+ Kc3 40. Nxa4+ Kc2 41. Nb6 d3 42. Nc4 d2 43. Ne3+ Kd3 44. Nd1 Ke2 45. Nc3+ Kxf3 46. a4 Bb4 47. Nd1 Ke2 48. Nb2 Bc3 49. a5 Bxa5 50. Kb3 d1Q+ 51. Nxd1 Kxd1 52. Kc4 Bd8 53. Kd5 Ke2 54. Kd6 Kf3 55. Kd7 Bg5 56. Ke8 f6 57. Kf7 Bh6 58. Kg8 Kg3 59. Kxh7 Kxh3 60. g5 fxg5 61. f6 gxf6 62. Kxh6 g4 63. Kh5 g3 64. Kh6 g2 65. Kh5 g1Q 66. Kh6 f5 67. Kh5 f4 68. Kh6 f3 69. Kh5 f2 70. Kh6 f1Q 71. Kh5 Qf5+ 72. Kh6 Qfg6# 0-1

[Event "Titled Tuesday intern op 28th Nov Early"]
[Site "Chess.com INT"]
[Date "2023.11.28"]
[Round "2"]
[White "Sadovsky, Artem"]
[Black "Abdi, Farzad"]
[Result "1-0"]
[WhiteElo "2276"]
[BlackElo "2068"]
[PlyCount "123"]
[EventDate "2023.11.28"]
[EventType "swiss (blitz)"]
[EventRounds "11"]
[EventCountry "USA"]
[SourceTitle "EXT 2025"]
[Source "ChessBase"]
[SourceDate "2024.10.14"]
[SourceVersion "1"]
[SourceVersionDate "2024.10.14"]
[SourceQuality "1"]

1. Nf3 d5 2. e3 Nc6 3. c4 d4 4. b3 e5 5. Bb2 Bg4 6. e4 d3 7. a3 Qf6 8. h3 Bxf3 9. Qxf3 Qxf3 10. gxf3 0-0-0 11. b4 f5 12. b5 Nd4 13. Bxd4 Rxd4 14. Nc3 Nf6 15. 0-0-0 Bxa3+ 16. Kb1 Rhd8 17. exf5 Rxc4 18. Ka2 Bb4 19. Kb3 Rd7 20. Kxc4 Rd4+ 21. Kb3 a5 22. bxa6 bxa6 23. Ne4 Nd5 24. Rc1 a5 25. Rc4 a4+ 26. Kxa4 Rxc4 27. Bxd3 Rd4 28. Ba6+ Kd8 29. Kb3 Bxd2 30. Rd1 Bf4 31. Rxd4 exd4 32. Nc5 Be5 33. Kc4 Nb6+ 34. Kd3 Ke7 35. f4 Bf6 36. Ne6 Nd5 37. Bb7 Kd6 38. Bxd5 Kxd5 39. Nxc7+ Kd6 40. Ne8+ Ke7 41. Nxf6 Kxf6 42. Kxd4 Kxf5 43. Ke3 Kf6 44. Ke4 Ke6 45. f5+ Kf6 46. Kf4 Kf7 47. Kg5 Ke7 48. h4 Kf7 49. Kf4 Kf6 50. Ke4 Kf7 51. Ke5 Ke7 52. Kf4 Kf6 53. Kg4 Ke5 54. Kg5 Ke4 55. f6 gxf6+ 56. Kxf6 Kf4 57. h5 Kg4 58. h6 Kf4 59. Kg7 Kf5 60. Kxh7 Kf6 61. Kg8 Kg6 62. h7 1-0

[Event "Titled Tuesday intern op 26th Sep Early"]
[Site "Chess.com INT"]
[Date "2023.09.26"]
[Round "11"]
[White "Abdi, Farzad"]
[Black "Andreev, Konstantin1"]
[Result "1-0"]
[WhiteElo "2068"]
[BlackElo "2281"]
[PlyCount "45"]
[EventDate "2023.09.26"]
[EventType "swiss (blitz)"]
[EventRounds "11"]
[EventCountry "USA"]
[SourceTitle "EXT 2024"]
[Source "ChessBase"]
[SourceDate "2023.10.10"]
[SourceVersion "1"]
[SourceVersionDate "2023.10.10"]
[SourceQuality "1"]

1. d4 Nf6 2. c4 e6 3. Nf3 d5 4. Nc3 dxc4 5. e4 b5 6. e5 Nd5 7. Nxb5 Nb6 8. b3 Bb4+ 9. Bd2 Bxd2+ 10. Qxd2 cxb3 11. axb3 a6 12. Nc3 0-0 13. Bd3 Bb7 14. Be4 Nd5 15. Na4 Nd7 16. 0-0 h6 17. Rfc1 Rb8 18. Ra2 Qe7 19. Nc5 Nxc5 20. Rxc5 Rfd8 21. Rac2 Rd7 22. h3 Nb4 23. Qxb4 1-0

[Event "Titled Tuesday intern op 09th May Late"]
[Site "Chess.com INT"]
[Date "2023.05.09"]
[Round "2"]
[White "Abdi, Farzad"]
[Black "Prydun, Andriy"]
[Result "0-1"]
[WhiteElo "2068"]
[BlackElo "2134"]
[PlyCount "50"]
[EventDate "2023.05.09"]
[EventType "swiss (blitz)"]
[EventRounds "11"]
[EventCountry "USA"]
[SourceTitle "CBM 214 Extra"]
[Source "ChessBase"]
[SourceDate "2023.07.31"]
[SourceVersion "1"]
[SourceVersionDate "2023.07.31"]
[SourceQuality "1"]

1. d4 c6 2. c4 d5 3. Nc3 Nf6 4. cxd5 cxd5 5. Bf4 Nc6 6. e3 Bg4 7. Qb3 Na5 8. Qa4+ Bd7 9. Qc2 Rc8 10. Bd3 Nh5 11. Nge2 Nxf4 12. Nxf4 e6 13. 0-0 Bd6 14. Qe2 Qg5 15. Qf3 0-0 16. g3 h6 17. Rac1 Nc4 18. Bxc4 Rxc4 19. Nd3 Rfc8 20. Ne2 Bb5 21. b3 Rc2 22. Rxc2 Rxc2 23. h4 Qf6 24. Ndf4 Bxf4 25. Qxf4 Qxf4 0-1

[Event "Titled Tuesday intern op 09th May Late"]
[Site "Chess.com INT"]
[Date "2023.05.09"]
[Round "10"]
[White "Skaric, Djuro"]
[Black "Abdi, Farzad"]
[Result "0-1"]
[WhiteElo "2334"]
[BlackElo "2068"]
[PlyCount "80"]
[EventDate "2023.05.09"]
[EventType "swiss (blitz)"]
[EventRounds "11"]
[EventCountry "USA"]
[SourceTitle "CBM 214 Extra"]
[Source "ChessBase"]
[SourceDate "2023.07.31"]
[SourceVersion "1"]
[SourceVersionDate "2023.07.31"]
[SourceQuality "1"]

1. g3 d5 2. Bg2 c5 3. d3 Nc6 4. Nf3 e5 5. 0-0 f6 6. Nc3 Be6 7. e4 d4 8. Ne2 Bd6 9. Nd2 Nge7 10. f4 Qd7 11. a4 0-0 12. f5 Bf7 13. b3 b6 14. g4 h6 15. h4 a6 16. Rf2 b5 17. axb5 axb5 18. Rxa8 Rxa8 19. Bf1 c4 20. bxc4 bxc4 21. Rg2 cxd3 22. cxd3 Nb4 23. Ng3 Ra1 24. Nb3 Rb1 25. Rb2 Rxb2 26. Bxb2 Qa4 27. Be2 Qxb3 28. Qa1 Nxd3 29. Qa8+ Bb8 30. Ba3 Nf4 31. Bf3 Nc6 32. Qxc6 Qxf3 33. Qc2 Qxg3+ 34. Kf1 Qxa3 35. g5 Qf3+ 36. Kg1 Ne2+ 37. Qxe2 Qxe2 38. g6 Bc4 39. h5 d3 40. Kh1 d2 0-1